| 000 | 00866nam a22002417a 4500 | ||
|---|---|---|---|
| 999 |
_c6844 _d6844 |
||
| 003 | AR-CdUCM | ||
| 008 | 190319b ||||| |||| 00| 0 spa d | ||
| 040 |
_aMUNICIPALIDAD PROVINCIAL DEL CUSCO _cBIBLIOTECA MUNICIPAL DEL CUSCO |
||
| 082 |
_a711.5 / _bR44 |
||
| 100 |
_aRettis Miranda, Efrain _919284 |
||
| 245 | _aApuntes sobre Planificación Territorial / | ||
| 260 |
_aCusco : _bAndina, _c1991. |
||
| 300 |
_a160paginas ; _bIlustraciones, Planos, dibujos, graficos, tablas, _c20cm. _ePlanos |
||
| 500 | _aTerritorio peruano firmado por el autor | ||
| 505 | _aContenido: Desarrollo -- generalidades -- planificacion -- analisis regional -- delimitacion -- territorio... | ||
| 650 |
_aLimites _919285 |
||
| 650 |
_aTerritorio _914668 |
||
| 650 |
_aPeru _9429 |
||
| 650 |
_aSiglo XX _98 |
||
| 650 |
_aDelimitación _919286 |
||
| 942 |
_2ddc _cLIBROS |
||
| 945 | _apjha | ||